| 000 | 00635nam a2200217Ia 4500 | ||
|---|---|---|---|
| 005 | 20250326144523.0 | ||
| 008 | 250326s9999 xx 000 0 und d | ||
| 020 | _a0-8144-7441-1 | ||
| 037 | _aStandards | ||
| 040 |
_aFMSL _beng _cFMSL |
||
| 041 |
_aeng _2eng |
||
| 084 |
_aX(B9) P8 _qFMSL |
||
| 100 |
_aWeiss Steven Mark _9749821 |
||
| 245 | 0 |
_aSigns of success : remarkable power of business astrology _cWeiss Steven Mark |
|
| 260 |
_aNY _bNY, AMACOM _c2008 |
||
| 300 | _axxvi,260 | ||
| 365 | _b1165.6800000000001 | ||
| 650 |
_aBusiness Management _9441996 |
||
| 942 |
_cTB _hX(B9) P8 |
||
| 999 |
_c1304023 _d1304023 |
||